000 01110nam a2200253 a 4500
001 71053
003 BD-RjUL
005 20211209082055.0
008 170424s1996 bg ||||| |||| 00| p ben d
020 _a9845690211
_c: Tk.80.00
035 _a(BD-RjUL)71267
040 _aBD-RjUL
_bben
_cBD-RjUL
_dBD-RjUL
041 _aben
082 _223
_a891.441
_bAHP 1996
100 1 _aআহমেদ, এ. এইচ. এম.
_9147937
245 1 0 _aপ্রপঞ্চময় প্রলোক-১ /
_cএ. এইচ. এম. আহমেদ; সম্পদনা: হাসান সরওয়ার, তানভীর মাহমুদ রিয়াদ
260 _aঢাকা :
_bআজকাল প্রকাশনী,
_c১৯৯৬.
300 _a৮০ পৃ. ;
_c২১ সেমি.
650 _aবাংলা কবিতা
_9147938
650 _aBengali Poetry.
_9147939
700 _aসরওয়ার, হাসান: সম্পদনা
_9161148
700 _aরিয়াদ, তানভীর মাহমুদ : সম্পদনা
_9161149
942 _2ddc
_cBK
999 _c71053
_d71053